000 00361nam a2200133Ia 4500
008 231221s9999 xx 000 0 und d
020 _a978-0-387-71041-9
041 _aEnglish
100 _aAnil K. Jain, Patrick Flynn, Arun A. Ross
245 0 _aHandbook of Biometrics
260 _c2008
_bSpringer US
_aNew York
650 _aComputer Science
942 _cEB
999 _c218235
_d218235